| 000 | 00479nam a2200193Ia 4500 | ||
|---|---|---|---|
| 008 | 170918s9999 xx 000 0 und d | ||
| 020 | _a9780439203784 | ||
| 050 | _bB772 2000 | ||
| 100 | _aBourgeois, Paulette | ||
| 245 | _aFranklin's baby sitter / | ||
| 245 | _cPaulette Bourheois and Brenda Clark. | ||
| 260 | _aNew York : | ||
| 260 | _bScholastic, | ||
| 260 | _c2000 | ||
| 300 | _aunpaged : | ||
| 300 | _bcolored illustration ; | ||
| 300 | _c23cm. | ||
| 500 | _a240 | ||
| 999 |
_c341302 _d341302 |
||